000 00544nam a2200229 a 4500
999 _c4999
_d4999
001 4999
003 BD-JhCC
005 20180813134016.0
008 020607s1997 enk | |||| ||eng|
020 _a0744541670
029 _aR9822
035 _a(BD-JhCC)4999
040 _aBDS
_dBD-JhCC
041 _aeng
082 _223
_a823.914
_bTUR 1997
100 1 _aTurnbull, Ann.
245 1 2 _aA long way home /
_cAnn Turnbull.
260 _aLondon :
_bWalker,
_c1997.
300 _a127p ;
_c23cm.
650 _aWar stories
942 _2ddc
_cBK
_01